000 00976nam a2200241 a 4500
001 83416
003 BD-RjUL
005 20240320100841.0
008 240320s2006 bg a|||| m||| 00| 0 eng d
035 _a(BD-RjUL)83416
040 _aBD-RjUL
_beng
_cBD-RjUL
_dBD-RjUL
041 _aeng
082 _223
_a382.095492
_bASG 2006
100 _aAshraf, Nabi Maruf
_912432
245 1 0 _aGrowth and Diversification of Foreign Trade :
_bImpact on the Performance of External Sector of Bangladesh Economy /
_cBy Nabi Maruf Ashraf ;
_6Supervisor : M. Zainul Abedin
260 _aRajshahi :
_bInstitute of Bangladesh Studies, University of Rajshahi,
_c2006
300 _axv, 301 Leaves :
_bill, ;
_c29 cm.
502 _aThesis (Ph. D.) -- Institute of Bangladesh Studies, University of Rajshahi, 2006
504 _aBibliography : Leaves 283-301
650 _aInternational Commerce
_vForeign Trade
_zBangladesh
_912433
700 _aAbedin, M. Zainul, Supervisor
_91323
942 _2ddc
_cTHE
999 _c83416
_d83416